[Event "Euskadi-chTA"]
[Site "Euskadi"]
[Date "2001.01.20"]
[Round "6"]
[White "Segovia Sanchez, Antonio"]
[Black "Carrasco Horrillo, Ramon"]
[Result "1/2-1/2"]
[WhiteElo "2196"]
[BlackElo "1890"]
[PlyCount "75"]
[EventDate "2000.11.18"]
[EventType "team"]
[EventRounds "9"]
[EventCountry "ESP"]
[SourceTitle "EXT 2006"]
[Source "ChessBase"]
[SourceDate "2005.11.24"]
[SourceVersion "1"]
[SourceVersionDate "2005.11.24"]
[SourceQuality "1"]

1. d4 Nf6 2. c4 g6 3. Nc3 Bg7 4. e4 d6 5. Nf3 0-0 6. Be2 e5 7. 0-0 Nc6 8. d5 Ne7 9. Ne1 Nd7 10. Be3 f5 11. f3 f4 12. Bf2 g5 13. a4 Ng6 14. a5 a6 15. Nd3 Rf7 16. c5 Bf8 17. cxd6 Bxd6 18. Na4 Nf6 19. Nac5 Qe7 20. Rc1 Nf8 21. g4 fxg3 22. hxg3 h5 23. Be3 Rg7 24. Nf2 g4 25. fxg4 Bxg4 26. Bxg4 Nxg4 27. Nxg4 Rxg4 28. Kh2 Qg7 29. Qf3 Bxc5 30. Rxc5 Nh7 31. Bf2 Ng5 32. Qb3 Qf7 33. Qxb7 Rf8 34. Rc2 Qf3 35. Rc3 Qxe4 36. Qxa6 h4 37. Qd3 Nf3+ 38. Kh3 1/2-1/2

[Event "Euskadi-chTA"]
[Site "Euskadi"]
[Date "2000.11.25"]
[Round "2"]
[White "Carrasco Horrillo, Ramon"]
[Black "Fernandez Hernandez, Gerardo"]
[Result "0-1"]
[WhiteElo "1890"]
[BlackElo "2182"]
[PlyCount "106"]
[EventDate "2000.11.18"]
[EventType "team"]
[EventRounds "9"]
[EventCountry "ESP"]
[SourceTitle "EXT 2006"]
[Source "ChessBase"]
[SourceDate "2005.11.24"]
[SourceVersion "1"]
[SourceVersionDate "2005.11.24"]
[SourceQuality "1"]

1. c4 c5 2. Nf3 g6 3. Nc3 Bg7 4. g3 Nc6 5. e3 e5 6. d3 Nge7 7. Bg2 0-0 8. 0-0 d6 9. a3 a5 10. Qc2 h6 11. Nd2 Be6 12. Nd5 Rb8 13. Rb1 b5 14. b3 f5 15. Bb2 Kh8 16. f4 b4 17. a4 Qd7 18. Rbe1 Rbe8 19. h3 Ng8 20. Kh2 Nf6 21. Rf2 Nh5 22. Bf3 Ne7 23. Rfe2 Nc6 24. Nb6 Qc7 25. Nd5 Qf7 26. Rg1 Qd7 27. Nb6 Qc7 28. Nd5 Qd8 29. Qc1 Kh7 30. Qa1 Bd7 31. Rge1 Nf6 32. Bg2 g5 33. Rf2 exf4 34. gxf4 g4 35. Nxf6+ Bxf6 36. Bxf6 Rxf6 37. hxg4 fxg4 38. Ne4 g3+ 39. Nxg3 Rg6 40. Ne4 Qh4+ 41. Kg1 Bh3 42. Ree2 Reg8 43. Qb2 Ne7 44. Nd2 Nf5 45. Nf1 Qh5 46. e4 Nd4 47. Ne3 Nf3+ 48. Kf1 Bxg2+ 49. Rxg2 Qh1+ 50. Kf2 Rxg2+ 51. Nxg2 Rxg2+ 52. Ke3 Qg1+ 53. Rf2 Nh2 0-1

[Event "Euskadi-chTA"]
[Site "Euskadi"]
[Date "2000.11.18"]
[Round "1"]
[White "Nava Pereda, Carlos"]
[Black "Carrasco Horrillo, Ramon"]
[Result "1-0"]
[WhiteElo "2302"]
[BlackElo "1890"]
[PlyCount "83"]
[EventDate "2000.11.18"]
[EventType "team"]
[EventRounds "9"]
[EventCountry "ESP"]
[SourceTitle "EXT 2006"]
[Source "ChessBase"]
[SourceDate "2005.11.24"]
[SourceVersion "1"]
[SourceVersionDate "2005.11.24"]
[SourceQuality "1"]

1. Nf3 Nf6 2. c4 g6 3. Nc3 Bg7 4. e4 d6 5. d4 0-0 6. Be2 e5 7. 0-0 Nc6 8. d5 Ne7 9. b4 Nh5 10. Re1 f5 11. Ng5 Nf6 12. Bf3 a5 13. b5 b6 14. Ne6 Bxe6 15. dxe6 Rc8 16. exf5 e4 17. Be2 gxf5 18. Bg5 h6 19. Be3 Ng4 20. Bd4 Ne5 21. f4 exf3 22. Bxf3 Nxf3+ 23. gxf3 Qe8 24. Kh1 Bf6 25. Rg1+ Kh7 26. Rg3 Qh5 27. Bxf6 Rxf6 28. Nd5 Nxd5 29. Qxd5 Rg6 30. Rxg6 Qxg6 31. Rg1 Qf6 32. c5 Re8 33. cxb6 cxb6 34. Re1 Rd8 35. Qb7+ Qg7 36. Qxb6 Rg8 37. Qf2 Qb7 38. a4 Re8 39. Qg3 Rg8 40. Qf4 Qd5 41. b6 Rg4 42. Qe3 1-0